Dependent territories and other entities - Statistics

General Stats
  • This quiz has been taken 562 times
    559 since last reset
  • The average score is 44 of 76
Answer Stats
Country Answer % Correct
Denmark Constituent country Greenland
89%
Australia External territories (inhabited) Christmas Island
84%
China Special administrative regions Hong Kong
82%
United States Unincorporated organized territories (inhabited) Guam
81%
Netherlands Country Aruba
80%
Denmark Constituent country Faroe Islands
80%
China Special administrative regions Macau
78%
France Overseas department Martinique
78%
United States Unincorporated organized territories (inhabited) Puerto Rico
78%
Netherlands Country Curaçao
77%
France Overseas country French Polynesia
77%
New Zealand In free association Niue
76%
France Overseas department Réunion
76%
New Zealand In free association Cook Islands
75%
United Kingdom Overseas territories (inhabited) British Virgin Islands
74%
France Special collectivity New Caledonia
74%
United States Unincorporated unorganized territories (inhabited) American Samoa
72%
United Kingdom Crown dependencies Isle of Man
72%
United Kingdom Crown dependencies Jersey
72%
Norway Division Svalbard
72%
United Kingdom Overseas territories (inhabited) Bermuda
71%
Australia External territories (inhabited) Cocos (Keeling) Islands
71%
France Overseas department Guadeloupe
71%
Australia External territories (inhabited) Norfolk Island
71%
Netherlands Division Bonaire
70%
United Kingdom Overseas territories (inhabited) Cayman Islands
70%
France Overseas department French Guiana
70%
United Kingdom Crown dependencies Guernsey
70%
France Overseas collectivities Saint Martin
70%
United Kingdom Overseas territories (inhabited) Falkland Islands
69%
France Overseas department Mayotte
68%
United Kingdom Overseas territories (inhabited) Gibraltar
67%
United Kingdom Overseas territories (inhabited) Montserrat
67%
Netherlands Country Sint Maarten
66%
New Zealand Territory Tokelau
66%
Finland Division Åland Islands
65%
United Kingdom Overseas territories (inhabited) Anguilla
65%
United States Unincorporated organized territories (inhabited) Northern Mariana Islands
65%
United Kingdom Overseas territories (inhabited) Pitcairn Islands
65%
Netherlands Division Saba
61%
United Kingdom Overseas territories (inhabited) Turks and Caicos Islands
61%
France Overseas collectivities Wallis and Futuna
60%
United Kingdom Overseas territories (inhabited) British Indian Ocean Territory
59%
France Overseas collectivities Saint Barthélemy
55%
France Overseas collectivities Saint Pierre and Miquelon
55%
Netherlands Division Sint Eustatius
54%
Norway Division Jan Mayen
53%
Norway Dependency Bouvet Island
50%
United Kingdom Sovereign base areas Akrotiri and Dhekelia
49%
Australia External territories (uninhabited) Coral Sea Islands
48%
France Possession (uninhabited) Clipperton Island
47%
United States Unincorporated organized territories (inhabited) United States Virgin Islands
47%
United States Unincorporated unorganized territories (inhabited) Wake Island
47%
United States Unincorporated unorganized territories (uninhabited) Midway Atoll
45%
United States Incorporated unorganized territories (uninhabited) Palmyra Atoll
45%
United States Unincorporated unorganized territories (uninhabited) Johnston Atoll
43%
United Kingdom Overseas territories (uninhabited) British Antarctic Territory
42%
United States In free association Marshall Islands
42%
United States Unincorporated unorganized territories (uninhabited) Baker Island
41%
United States In free association Palau
41%
Australia External territories (uninhabited) Ashmore and Cartier Islands
40%
United States In free association Federated States of Micronesia
39%
France Overseas territory (uninhabited) French Southern and Antarctic Lands
39%
United States Unincorporated unorganized territories (uninhabited) Navassa Island
39%
New Zealand Territory Ross Dependency
39%
United States Unincorporated unorganized territories (uninhabited) Howland Island
38%
United States Unincorporated unorganized territories (uninhabited) Kingman Reef
38%
United Kingdom Overseas territories (uninhabited) South Georgia and the South Sandwich Islands
38%
Australia External territories (uninhabited) Australian Antarctic Territory
37%
United States Unincorporated unorganized territories (uninhabited) Jarvis Island
37%
United Kingdom Overseas territories (inhabited) Saint Helena, Ascension and Tristan da Cunha
37%
Norway Dependency Queen Maud Land
32%
Australia External territories (uninhabited) Heard Island and McDonald Islands
29%
Norway Dependency Peter I Island
29%
United States Unincorporated unorganized territories (uninhabited) Bajo Nuevo Bank
21%
United States Unincorporated unorganized territories (uninhabited) Serranilla Bank
21%
No matching quizzes found
Score Distribution
Percent of People with Each Score
Percentile by Number Answered
Your Score History
You have not taken this quiz since the last reset